Online Catalogue and eLibrary

Wapasariya (Record no. 5324)

MARC details
000 -LEADER
fixed length control field 00365nam a2200157Ia 4500
005 - DATE AND TIME OF LATEST TRANSACTION
control field 20250324015936.0
008 - FIXED-LENGTH DATA ELEMENTS--GENERAL INFORMATION
fixed length control field 240331s9999 xx 000 0 und d
020 ## - INTERNATIONAL STANDARD BOOK NUMBER
ISBN 9555844011
082 ## - DDC Classification
Item Number - Author Mark WIJ
Class No. 891
100 ## - MAIN ENTRY--PERSONAL NAME
Personal name Wijayarathna Manike,A
245 #0 - TITLE STATEMENT
Title Wapasariya
260 ## - PUBLICATION, DISTRIBUTION, ETC.
Place of publication, distribution, etc. Kottawa
Name of publisher, distributor, etc. Sara publication
Date of publication, distribution, etc. 1999
300 ## - PHYSICAL DESCRIPTION
Extent (e.g. Volumes, Pages etc.) 224 p .,
650 ## - SUBJECT ADDED ENTRY--TOPICAL TERM
Topical term or geographic name entry element Novel
942 ## - Koha item type (Biblio)
Koha item type Books in Stacks (Lending)
Holdings
Lost status Damaged status Collection code Home library Current library Shelving location Date acquired Full call number Accession Number Item type
    Lending WERC Library WERC Library Social Science Cupboard 03/31/2024 891.48 WIJ 4349 Books in Stacks (Lending)

© WERC Library